00541nam a2200181 a 4500001001300000003000900013005001700022008004100039020002300080082001500103100002100118245010000139260004200239300000900281500003500290650001300325700002100338nice12345678IN_TiNIC20260116014841.0080402s2006 newa grp 000 0 eng  a8130703270 c85000a305.4bCHA aChannasubhadra,  aReadings in Feminist Theoryb Thought and Types of Theory, Perspectives on Feminiasm, Behaviour aNew Delhi bCosmo Publications c2006 a321p aincludes index and biblioraphy aFeminism1 aChannasubhadra,